[Event "8th Tal Mem Blitz"]
[Site "Moscow RUS"]
[Date "2013.06.12"]
[Round "1"]
[White "Anand,V"]
[Black "Gelfand,B"]
[Result "1/2-1/2"]
[WhiteElo "2786"]
[BlackElo "2755"]
[EventDate "2013.06.12"]

1. c4 e5 2. Nc3 Nf6 3. Nf3 Nc6 4. g3 Bb4 5. Bg2 O-O 6. O-O d6 7. d3 h6 8.
Nd5 Bc5 9. e3 a6 10. b3 Ba7 11. Bb2 Nxd5 12. cxd5 Ne7 13. Nd2 f5 14. Rc1 f4
15. exf4 exf4 16. Rc4 Ng6 17. Ne4 Ne5 18. Bxe5 dxe5 19. Qa1 Bd4 20. Rxd4
exd4 21. Qxd4 f3 22. Bh1 Be6 23. Nc3 c6 24. d6 Bd5 25. Ne4 Qd7 26. Rd1 Rad8
27. Qe3 Qf7 28. h4 Qf5 29. Kh2 Rd7 30. Re1 g5 31. hxg5 hxg5 32. Qxg5+ Qxg5
33. Nxg5 Rxd6 34. Re3 Rdf6 35. Kg1 a5 36. Nh3 b5 37. Nf4 Rxf4 38. gxf4 Rxf4
39. Kf1 Kf7 40. Ke1 Kf6 41. Kd2 a4 42. bxa4 Rxa4 43. Bxf3 Rxa2+ 44. Kc3
1/2-1/2

[Event "8th Tal Mem Blitz"]
[Site "Moscow RUS"]
[Date "2013.06.12"]
[Round "1"]
[White "Caruana,F"]
[Black "Karjakin,Sergey"]
[Result "0-1"]
[WhiteElo "2774"]
[BlackElo "2782"]
[EventDate "2013.06.12"]

1. e4 c5 2. Nf3 d6 3. d4 cxd4 4. Nxd4 Nf6 5. Nc3 a6 6. h3 e6 7. g4 Nc6 8.
Bg2 Nd7 9. Be3 Be7 10. Qe2 O-O 11. O-O-O Nxd4 12. Bxd4 b5 13. e5 d5 14. f4
b4 15. Na4 Bb7 16. b3 Bc6 17. Nb2 a5 18. f5 a4 19. Nd3 axb3 20. cxb3 Bb5
21. Kb1 Qa5 22. Rhf1 Nc5 23. Bxc5 Bxc5 24. Rf4 Rfc8 25. g5 Be3 26. Rf3
Bxd3+ 0-1

[Event "8th Tal Mem Blitz"]
[Site "Moscow RUS"]
[Date "2013.06.12"]
[Round "2"]
[White "Andreikin,D"]
[Black "Karjakin,Sergey"]
[Result "1/2-1/2"]
[WhiteElo "2713"]
[BlackElo "2782"]
[EventDate "2013.06.12"]

1. e4 e5 2. Nf3 Nc6 3. Nc3 Nf6 4. d4 exd4 5. Nxd4 Bb4 6. Nxc6 bxc6 7. Bd3
d5 8. exd5 O-O 9. O-O cxd5 10. h3 c6 11. Qf3 Re8 12. Bf4 Bd6 13. Rfe1 Be6
14. Ne2 Qb8 15. b3 Bd7 16. Qg3 Nh5 17. Bxd6 Nxg3 18. Bxb8 Nxe2+ 19. Rxe2
Rxe2 20. Bxe2 Rxb8 21. Rd1 Be6 22. Rd4 Kf8 23. Ra4 Rb7 24. Ra6 Rc7 25. f4
Ke7 26. Bd3 Bc8 27. Ra5 c5 28. Kf2 g6 29. c3 Kd6 30. Ke3 a6 31. b4 Re7+ 32.
Kd2 c4 33. Be2 Bb7 34. Bf3 f6 35. h4 h6 36. a4 g5 37. hxg5 hxg5 38. fxg5
fxg5 39. b5 axb5 40. Rxb5 Bc6 41. Rb6 Ra7 42. Rb8 Rxa4 43. Rg8 Ra2+ 44. Kc1
Ba4 1/2-1/2

[Event "8th Tal Mem Blitz"]
[Site "Moscow RUS"]
[Date "2013.06.12"]
[Round "3"]
[White "Caruana,F"]
[Black "Gelfand,B"]
[Result "1-0"]
[WhiteElo "2774"]
[BlackElo "2755"]
[EventDate "2013.06.12"]

1. e4 c5 2. Nf3 Nc6 3. Bb5 d6 4. O-O Bd7 5. Re1 Nf6 6. c3 a6 7. Bf1 Bg4 8.
d3 e6 9. Nbd2 Be7 10. h3 Bh5 11. g4 Bg6 12. Nh4 Nd7 13. Ng2 O-O 14. f4 h6
15. Nf3 Bh7 16. f5 Nde5 17. Nf4 Nxf3+ 18. Qxf3 Bh4 19. Rd1 b5 20. Qe2 Qe7
21. Bg2 Rac8 22. Be3 b4 23. d4 bxc3 24. bxc3 a5 25. Rab1 cxd4 26. cxd4 Rb8
27. Rbc1 Rfc8 28. d5 exd5 29. Nxd5 Qd8 30. Qa6 Ne5 31. Rxc8 Rxc8 32. g5 Ra8
33. Ne7+ Kh8 34. Qxd6 Qxd6 35. Rxd6 Bxg5 36. Bxg5 hxg5 37. Nc6 Nxc6 38.
Rxc6 f6 39. a3 Bg8 40. Rc5 Ra7 41. Kf2 a4 42. Bf3 Bf7 43. e5 fxe5 44. Rxe5
Rc7 45. Re3 Kh7 46. Kg3 Kh6 47. Rd3 Bb3 48. Rd6+ Kh7 49. Bh5 Rc3+ 50. Kg4
Rc8 51. Kxg5 Bg8 52. Bg6+ Kh8 53. h4 Ra8 54. h5 Bb3 55. h6 gxh6+ 56. Kxh6
Kg8 57. Rd7 Rc8 58. f6 Kf8 59. Ra7 Rd8 60. Rh7 Rd1 61. Ra7 Rd8 62. Bh5 Rc8
63. Rh7 Bg8 64. Rh8 Rc6 65. Kg6 Rc1 1-0

[Event "8th Tal Mem Blitz"]
[Site "Moscow RUS"]
[Date "2013.06.12"]
[Round "4"]
[White "Gelfand,B"]
[Black "Karjakin,Sergey"]
[Result "1-0"]
[WhiteElo "2755"]
[BlackElo "2782"]
[EventDate "2013.06.12"]

1. d4 d5 2. c4 c6 3. Nf3 Nf6 4. Nc3 a6 5. a4 e6 6. g3 dxc4 7. Bg2 Nbd7 8.
a5 Be7 9. O-O O-O 10. Nd2 b5 11. axb6 Nxb6 12. Bxc6 Rb8 13. Nde4 Nfd5 14.
Nc5 Qc7 15. Bxd5 Nxd5 16. Nxa6 Bxa6 17. Rxa6 Rfd8 18. Qa4 Qc8 19. Rc6 Qb7
20. Qxc4 Nb6 21. Qb5 Rxd4 22. Rxb6 Qxb6 23. Qxb6 Rxb6 24. Be3 Rdb4 25. Bxb6
Rxb6 26. Rb1 h5 27. Kf1 Bf6 28. Nd1 Rb4 29. Ke1 h4 30. Kd2 g5 31. Nc3 Kg7
32. Kc2 Kg6 33. Ra1 Bd4 34. e3 Bg7 35. Ra7 Rb6 36. Rc7 f5 37. Rc4 h3 38. b4
Be5 39. Na4 Rb5 40. Nc5 Kf7 41. Nd3 Bd6 42. Kb3 Ke7 43. Rc8 Rb7 44. Rh8 Kf6
45. Rxh3 Kg7 46. Rh5 Be7 47. f4 g4 48. h3 Kg6 49. hxg4 fxg4 50. Ra5 Kf6 51.
Nc5 Rc7 52. Kc4 e5 53. Ra6+ Kf7 54. fxe5 Bg5 55. e4 Be3 56. Kd5 Bf2 57.
Rf6+ 1-0

[Event "8th Tal Mem Blitz"]
[Site "Moscow RUS"]
[Date "2013.06.12"]
[Round "7"]
[White "Caruana,F"]
[Black "Anand,V"]
[Result "1/2-1/2"]
[WhiteElo "2774"]
[BlackElo "2786"]
[EventDate "2013.06.12"]

1. e4 e5 2. Nf3 Nc6 3. Bb5 Nf6 4. d3 Bc5 5. Bxc6 dxc6 6. h3 O-O 7. O-O Re8
8. Nbd2 Nd7 9. Nc4 f6 10. Nh4 Nf8 11. Be3 Bb6 12. a4 Be6 13. a5 Bd4 14.
Bxd4 Qxd4 15. b3 Ng6 16. Nxg6 hxg6 17. Qe2 Bxc4 18. bxc4 g5 19. Rfb1 b5 20.
cxb5 cxb5 21. Qe3 a6 22. Ra3 c5 23. c3 Qxe3 24. fxe3 Rad8 25. Rd1 c4 26.
Kf2 cxd3 27. Ke1 f5 28. exf5 e4 29. Kd2 Rf8 30. g4 g6 31. Rf1 gxf5 32. gxf5
Rd5 33. Rb3 Rdxf5 34. Rxf5 Rxf5 35. Rb4 Rf2+ 36. Kd1 Rf3 37. Rxe4 Rxh3 38.
Kd2 Rh2+ 39. Kxd3 Ra2 40. Rg4 Rxa5 41. Rxg5+ Kf7 42. e4 Ra3 43. Rc5 b4 44.
Kc2 Rxc3+ 45. Rxc3 bxc3 46. Kxc3 Ke6 47. Kb4 Ke5 48. Ka5 Kxe4 49. Kxa6 Kd4
1/2-1/2

[Event "8th Tal Mem Blitz"]
[Site "Moscow RUS"]
[Date "2013.06.12"]
[Round "8"]
[White "Anand,V"]
[Black "Karjakin,Sergey"]
[Result "1-0"]
[WhiteElo "2786"]
[BlackElo "2782"]
[EventDate "2013.06.12"]

1. e4 e5 2. Nf3 Nc6 3. Bb5 a6 4. Ba4 Nf6 5. d3 b5 6. Bb3 Bc5 7. O-O O-O 8.
Be3 Bxe3 9. fxe3 d6 10. a3 Ne7 11. Nc3 Ng6 12. Ne2 c5 13. Ng3 Qc7 14. Nd2
Be6 15. Rxf6 gxf6 16. Qf3 c4 17. dxc4 bxc4 18. Qxf6 Qd8 19. Qxd8 Rfxd8 20.
Bxc4 Rac8 21. Bd3 Nf8 22. b4 Nd7 23. Kf2 Nb6 24. Ke2 Na4 25. Nb3 Nb2 26.
Na5 Nxd3 27. Kxd3 d5 28. Rc1 dxe4+ 29. Kxe4 Rc3 30. Kxe5 Rxe3+ 31. Kf4 Rxa3
32. Ne4 Kg7 33. Nb7 Rd5 34. Nbd6 f5 35. c4 Rdd3 36. Nxf5+ Bxf5 37. Kxf5
Rab3 38. Nc5 Rdc3 39. Nxb3 Rxb3 40. c5 Rxb4 41. c6 Rb8 42. c7 Rc8 43. Ke6
1-0